| 000 | 00561nam a2200181Ia 4500 | ||
|---|---|---|---|
| 005 | 20250423101425.0 | ||
| 008 | 250422s9999 xx 000 0 und d | ||
| 020 | _a978041572795 | ||
| 050 | _aHT 165.5 .R68/ | ||
| 100 | _aEdited by Elisabete A. Silva, Patsy Healey, Neil Harris, and Pieter Van Den Broeck | ||
| 245 | 4 | _aThe Routledge handbook of planning research methods. | |
| 260 | _aNew York | ||
| 260 | _b Routledge | ||
| 260 | _c2015 | ||
| 300 | _a529 p | ||
| 650 | _a City planning--Research. City planning--Research--Case studies. | ||
| 942 | _cBK | ||
| 999 |
_c36262 _d36262 |
||